Report to Secretary of State for Transport (Record no. 106703)

MARC details
000 -LEADER
fixed length control field 01262cai a22002175a 4500
001 - CONTROL NUMBER
control field L137242
008 - FIXED-LENGTH DATA ELEMENTS--GENERAL INFORMATION
fixed length control field 070326s2007 xxk f 000 0 eng d
035 ## - SYSTEM CONTROL NUMBER
System control number (Sirsi) u137242
041 0# - LANGUAGE CODE
Language code of text/sound track or separate title eng
050 04 - LIBRARY OF CONGRESS CALL NUMBER
Classification number 625.7026 $2 18
100 1# - MAIN ENTRY--PERSONAL NAME
Personal name Nicols, Mike
245 00 - TITLE STATEMENT
Title Report to Secretary of State for Transport
Remainder of title review of Highways Agency's major roads programme
Medium [electronic resource]
260 ## - PUBLICATION, DISTRIBUTION, ETC.
Place of publication, distribution, etc. London
Name of publisher, distributor, etc. Nicols Group
Date of publication, distribution, etc. 2007
520 ## - SUMMARY, ETC.
Summary, etc. In light of increases in estimated cost for individual road schemes, this report examines the Highway Agency's cost estimating and project management of its major roads programme. Recommendations for improving estimates include a new investment management process, the establishment of a strong in-house commercial management capability, development of an index of highways construction costs, and better use of contract cost data. Other suggestions cover risk management, the Agency's method of procurement, and delivery capability.
590 ## - LOCAL NOTE (RLIN)
Local note KA
651 #4 - SUBJECT ADDED ENTRY--GEOGRAPHIC NAME
Geographic name England
Chronological subdivision 886-
690 ## - LOCAL SUBJECT ADDED ENTRY--TOPICAL TERM (OCLC, RLIN)
Topical term or geographic name as entry element PROPERTY-INFRASTRUCTURE-ROAD INFRASTRUCTURE
690 ## - LOCAL SUBJECT ADDED ENTRY--TOPICAL TERM (OCLC, RLIN)
Topical term or geographic name as entry element BUILT ENVIRONMENT-BUILDING COSTS
856 40 - ELECTRONIC LOCATION AND ACCESS
Uniform Resource Identifier <a href="https://www.dft.gov.uk/pgr/roads/nicholsreport/">https://www.dft.gov.uk/pgr/roads/nicholsreport/</a>
Public note View the report free of charge at www.dft.gov.uk...
942 ## - ADDED ENTRY ELEMENTS (KOHA)
Suppress in OPAC 0
Holdings
Withdrawn status Lost status Source of classification or shelving scheme Damaged status Not for loan Home library Current library Shelving location Date acquired Total Checkouts Full call number Barcode Date last seen Copy number Price effective from Koha item type
    Dewey Decimal Classification     Virtual Virtual Online 26/03/2007   ONLINE PUBLICATION 137242-2001 06/08/2019 1 06/08/2019 Book